000 00542nam a2200193Ia 4500
005 20250508152043.0
008 008 250505s9999 xx 000 0 eng d
037 _aTextual
040 _aFEDL
_beng
_cFEDL
041 _aeng
_2eng
084 _a370.15, IND
_qFEDL
245 0 _aLetter from manila
245 0 _cIndia. Ministry of Education
260 _aDelhi, India
_bThe Manager, Albion Press
300 _a10p
650 _aEducation - Psychology
_9755527
942 _cTEXL
_h370.15, IND
999 _c1333948
_d1333948